[Event "72. C.to Provinciale VE"]
[Site "Venezia S.Leonardo ITA"]
[Date "2012.01.08"]
[Round "4.8"]
[White "Loris, Stefano"]
[Black "Simongini, Giacomo"]
[Result "1/2-1/2"]
[WhiteElo "1674"]
[BlackElo "1745"]
[Annotator "Gabriele Ballarin"]
[PlyCount "83"]
[EventDate "2012.01.06"]
[EventType "swiss"]
[EventRounds "5"]
[EventCountry "ITA"]

1. d4 e6 2. e4 d5 3. Nc3 Bb4 4. exd5 Bxc3+ 5. bxc3 exd5 6. c4 Nf6 7. Bg5 O-O 8. Nf3 Bg4 9. Be2 dxc4 10. Bxc4 Re8+ 11. Be3 Bxf3 12. Qxf3 Qxd4 13. Bxf7+ Kxf7 14. O-O Qe4 15. Qd1 Nc6 16. c3 Qc4 17. Qc2 Kg8 18. Rfe1 Nb4 19. Qa4 Qxc3 20. Rac1 Qb2 21. Rb1 Qxa2 22. Qxb4 b6 23. Ra1 Qf7 24. Ra6 Nd5 25. Qa3 Nxe3 26. Rxe3 Rxe3 27. Qxe3 Re8 28. Qd2 c5 29. h3 c4 30. Qc3 b5 31. Qa5 Re2 32. Qd8+ Qe8 33. Qd5+ Kf8 34. Qf5+ Qf7 35. Qc8+ Re8 36. Qc5+ Qe7 37. Qxb5 c3 38. Qf5+ Kg8 39. Rc6 Qe1+ 40. Kh2 a5 41. Qxa5 Qxf2 42. Qxc3 1/2-1/2

[Event "72. C.to Provinciale VE"]
[Site "Venezia S.Leonardo ITA"]
[Date "2012.01.08"]
[Round "4.9"]
[White "Marchetti, Daniele"]
[Black "Viotti, Alberto"]
[Result "1-0"]
[WhiteElo "1694"]
[BlackElo "1591"]
[Annotator "Gabriele Ballarin"]
[PlyCount "77"]
[EventDate "2012.01.06"]
[EventType "swiss"]
[EventRounds "5"]
[EventCountry "ITA"]

1. d4 Nf6 2. c4 e6 3. Nc3 Bb4 4. a3 Bxc3+ 5. bxc3 b6 6. Bg5 Bb7 7. Nf3 d6 8. e3 O-O 9. Bd3 Nbd7 10. e4 e5 11. Qc2 Re8 12. Nd2 c5 13. d5 h6 14. Bh4 g5 15. Bg3 h5 16. h4 g4 17. f3 Nf8 18. Be2 Bc8 19. Nf1 Ng6 20. Ne3 gxf3 21. gxf3 Qe7 22. Rg1 Kf8 23. Bd3 Nh7 24. Rh1 Nf4 25. O-O-O Nxd3+ 26. Qxd3 f6 27. Rd2 Kf7 28. Rg2 Rg8 29. Rhg1 Bd7 30. Qd2 a6 31. Nc2 f5 32. f4 Rg4 33. fxe5 dxe5 34. d6 Qe8 35. exf5 Nf6 36. Ne3 Ne4 37. Qd5+ Kf8 38. Nxg4 Nxg3 39. Rxg3 1-0

[Event "72. C.to Provinciale VE"]
[Site "Venezia S.Leonardo ITA"]
[Date "2012.01.08"]
[Round "4.10"]
[White "Perissotto, Mario"]
[Black "Restifo Pecorella, Marco"]
[Result "1-0"]
[WhiteElo "1747"]
[BlackElo "1440"]
[Annotator "Gabriele Ballarin"]
[PlyCount "75"]
[EventDate "2012.01.06"]
[EventType "swiss"]
[EventRounds "5"]
[EventCountry "ITA"]

1. e4 Nc6 2. Nf3 e5 3. Bb5 Nd4 4. Nxd4 exd4 5. c3 c6 6. Bc4 Nh6 7. cxd4 d5 8. exd5 cxd5 9. Bb5+ Bd7 10. Bxd7+ Qxd7 11. d3 Bb4+ 12. Nc3 Qe7+ 13. Be3 Nf5 14. O-O Nxe3 15. fxe3 Qxe3+ 16. Kh1 Qxd4 17. Qa4+ Kf8 18. Nxd5 Bc5 19. Qd7 f6 20. Qxb7 Rd8 21. Nf4 Qd7 22. Qxd7 Rxd7 23. Ne6+ Kf7 24. Nxc5 Rd5 25. b4 a5 26. a3 Ra8 27. Kg1 axb4 28. axb4 Rxa1 29. Rxa1 Rd4 30. Rb1 g5 31. Kf2 Rf4+ 32. Ke3 h5 33. g3 Rg4 34. Ne4 f5 35. Rf1 Kg6 36. h3 f4+ 37. gxf4 gxf4+ 38. Rxf4 1-0

[Event "72. C.to Provinciale VE"]
[Site "Venezia S.Leonardo ITA"]
[Date "2012.01.08"]
[Round "5.1"]
[White "Monticelli, Francesco"]
[Black "Gallo, Enrico"]
[Result "0-1"]
[WhiteElo "1690"]
[BlackElo "2068"]
[Annotator "Gabriele Ballarin"]
[PlyCount "92"]
[EventDate "2012.01.06"]
[EventType "swiss"]
[EventRounds "5"]
[EventCountry "ITA"]

1. e4 e6 2. d4 d5 3. exd5 exd5 4. Nc3 Nf6 5. Bg5 Be7 6. Be2 O-O 7. Nf3 b6 8. O-O Bb7 9. Re1 c5 10. h3 Nbd7 11. Qd2 Ne4 12. Bxe7 Qxe7 13. Qe3 f5 14. Nxe4 dxe4 15. dxc5 Nxc5 16. Bc4+ Kh8 17. Qf4 Qf6 18. Nh4 g5 19. Qxf5 Qxf5 20. Nxf5 Rxf5 21. Rad1 Raf8 22. Rd2 a5 23. Rde2 Rd8 24. a3 Rd4 25. Ba2 Ba6 26. Re3 Rd2 27. f3 Rxc2 28. fxe4 Rff2 29. Rg3 Rxb2 30. Bd5 h6 31. e5 Nd3 32. Rd1 Nxe5 33. h4 g4 34. Re3 Rfe2 35. Rc3 Rbd2 36. Rxd2 Rxd2 37. Be4 Bc4 38. Kh2 b5 39. Kg3 Kg7 40. Kf4 Kf6 41. Ke3 Rd1 42. Kf4 b4 43. axb4 axb4 44. Rc2 Rf1+ 45. Ke3 Re1+ 46. Kf4 Rxe4+ 0-1

[Event "72. C.to Provinciale VE"]
[Site "Venezia S.Leonardo ITA"]
[Date "2012.01.08"]
[Round "5.2"]
[White "Redo, Giorgio"]
[Black "Zamengo, Fulvio"]
[Result "1/2-1/2"]
[WhiteElo "2098"]
[BlackElo "2048"]
[Annotator "Gabriele Ballarin"]
[PlyCount "100"]
[EventDate "2012.01.06"]
[EventType "swiss"]
[EventRounds "5"]
[EventCountry "ITA"]

1. f4 d5 2. Nf3 c5 3. e3 g6 4. d4 Bg7 5. c4 cxd4 6. exd4 Nf6 7. Nc3 O-O 8. Qb3 dxc4 9. Bxc4 Nc6 10. Ne5 e6 11. Nxc6 bxc6 12. Be3 Nd5 13. Bxd5 exd5 14. O-O Qd6 15. Na4 Rb8 16. Qc3 Qb4 17. b3 Qxc3 18. Nxc3 c5 19. Rfd1 Re8 20. Bf2 Bb7 21. Rac1 cxd4 22. Bxd4 Rbc8 23. Bxg7 Kxg7 24. Kf2 Red8 25. Nb5 a6 26. Rxc8 Rxc8 27. Nd4 a5 28. Rd2 Ba6 29. Nf3 a4 30. Rxd5 Bb7 31. Rd3 Bxf3 32. Kxf3 Rc2 33. a3 axb3 34. Rxb3 Ra2 35. Re3 Kf6 36. h4 h6 37. g3 Ra1 38. Ke2 Ra2+ 39. Kd1 g5 40. fxg5+ hxg5 41. hxg5+ Kxg5 42. Kc1 f5 43. Kb1 Rd2 44. a4 f4 45. Ra3 fxg3 46. Rxg3+ Kf5 47. a5 Ke5 48. Ra3 Rd8 49. Kc2 Kd6 50. Kb3 Kc5 1/2-1/2

[Event "72. C.to Provinciale VE"]
[Site "Venezia S.Leonardo ITA"]
[Date "2012.01.08"]
[Round "5.3"]
[White "Ballarin, Gabriele"]
[Black "Aprile, Martino"]
[Result "1/2-1/2"]
[WhiteElo "1846"]
[BlackElo "1917"]
[Annotator "Gabriele Ballarin"]
[PlyCount "141"]
[EventDate "2012.01.06"]
[EventType "swiss"]
[EventRounds "5"]
[EventCountry "ITA"]

1. e4 c5 2. Nf3 Nc6 3. Bb5 Nf6 4. Bxc6 dxc6 5. d3 g6 6. h3 Bg7 7. O-O O-O 8. Qe2 Qc7 9. Nc3 b6 10. Re1 h6 11. Nh2 e5 12. Be3 Be6 13. b3 Rfe8 14. a4 a5 15. f3 Kh7 16. Qf2 Rad8 17. g4 Nd7 18. Qh4 Ra8 19. Re2 Qd8 20. Qg3 Bf6 21. Kh1 Bh4 22. Qg1 Bf6 23. Rf1 Bg7 24. Qf2 Bf6 25. Rg1 Bg7 26. Nf1 Nb8 27. Qg3 Nd7 28. Rh2 Rh8 29. Kg2 Kg8 30. h4 Qe7 31. g5 h5 32. Kh1 Kh7 33. Qe1 Qd6 34. Nd2 Rhe8 35. Qf2 Qe7 36. Rf1 Kg8 37. Rg2 Kh7 38. Ne2 Bh3 39. f4 Bxg2+ 40. Kxg2 exf4 41. Qxf4 Kg8 42. Qg3 b5 43. Bf4 Be5 44. Bxe5 Qxe5 45. Qxe5 Nxe5 46. Nc3 Ng4 47. Rf3 Rab8 48. Kg1 Kg7 49. Rg3 Re6 50. Kf1 f6 51. gxf6+ Rxf6+ 52. Ke1 Kh6 53. Rf3 b4 54. Nd1 Rxf3 55. Nxf3 Rf8 56. Ke2 c4 57. Nb2 cxb3 58. cxb3 Ra8 59. Nc4 Kg7 60. e5 c5 61. Ng5 Re8 62. e6 Nf6 63. Nxa5 Nh7 64. Ne4 Rxe6 65. Kf3 Ra6 66. Nc4 Rc6 67. Ne5 Rc7 68. Kf4 Nf6 69. Ng5 Nd5+ 70. Ke4 Nf6+ 71. Kf4 1/2-1/2

[Event "72. C.to Provinciale VE"]
[Site "Venezia S.Leonardo ITA"]
[Date "2012.01.08"]
[Round "5.4"]
[White "Velluti, Alberto"]
[Black "Zamengo, Bruno"]
[Result "1-0"]
[WhiteElo "1962"]
[BlackElo "1975"]
[Annotator "Gabriele Ballarin"]
[PlyCount "101"]
[EventDate "2012.01.06"]
[EventType "swiss"]
[EventRounds "5"]
[EventCountry "ITA"]

1. e4 e6 2. d4 d5 3. Nc3 Bb4 4. e5 c5 5. a3 Bxc3+ 6. bxc3 Qc7 7. Nf3 Nc6 8. Bd3 Bd7 9. O-O c4 10. Be2 Qa5 11. Qd2 Qa4 12. Re1 Nge7 13. Bf1 O-O-O 14. Qe2 h6 15. Be3 g5 16. Reb1 Nf5 17. Rb2 g4 18. Nd2 Rdg8 19. g3 h5 20. Bg2 h4 21. Bf4 Qa5 22. Nb1 Nce7 23. Rb4 Ba4 24. Nd2 b5 25. Rab1 Nc6 26. Nf1 Nxb4 27. axb4 Qd8 28. Ra1 a5 29. Ne3 hxg3 30. Bxg3 Nxg3 31. fxg3 Qg5 32. bxa5 Qh6 33. Nxg4 Qh5 34. h3 Rg5 35. Qd2 Qg6 36. Rc1 Rxg4 37. hxg4 Qxg4 38. Qf4 Qxf4 39. gxf4 Rh4 40. f5 Kd7 41. f6 Kc7 42. Kf2 Kb7 43. Rh1 Rxh1 44. Bxh1 Bxc2 45. Bxd5+ Ka6 46. Bxe6 Bg6 47. d5 Kxa5 48. Bxf7 Bf5 49. Bh5 b4 50. cxb4+ Kxb4 51. f7 1-0

[Event "72. C.to Provinciale VE"]
[Site "Venezia S.Leonardo ITA"]
[Date "2012.01.08"]
[Round "5.5"]
[White "Marchetti, Daniele"]
[Black "Zangrando, Gianpietro"]
[Result "1-0"]
[WhiteElo "1694"]
[BlackElo "1796"]
[Annotator "Gabriele Ballarin"]
[PlyCount "105"]
[EventDate "2012.01.06"]
[EventType "swiss"]
[EventRounds "5"]
[EventCountry "ITA"]

1. d4 f5 2. g3 Nf6 3. Bg2 g6 4. Nf3 Bg7 5. O-O O-O 6. c4 d6 7. Nc3 Nc6 8. e3 e5 9. d5 Ne7 10. Rb1 h6 11. b4 b6 12. Nxe5 dxe5 13. d6 e4 14. dxe7 Qxe7 15. Nd5 Nxd5 16. cxd5 Rd8 17. Qb3 Kh7 18. f3 Bb7 19. fxe4 fxe4 20. Rd1 b5 21. Bb2 Rd6 22. Bxg7 Kxg7 23. Rd4 Re8 24. Rxe4 Qd7 25. Rxe8 Qxe8 26. e4 Kh7 27. Rc1 Rd7 28. Qc3 Qd8 29. Rf1 c6 30. dxc6 Qb6+ 31. Qc5 Qxc5+ 32. bxc5 Bxc6 33. Rf6 Ba8 34. Re6 Kg7 35. Kf2 Kf7 36. Rd6 Rc7 37. Rd8 Bc6 38. Ke3 a5 39. Bf1 Ke7 40. Rb8 b4 41. Bb5 Bb7 42. Kd4 Kf7 43. Bc4+ Ke7 44. Bd5 Bc8 45. Ra8 g5 46. Rxa5 Bd7 47. Ra8 Kf6 48. Ra6+ Kg7 49. Rb6 h5 50. h4 gxh4 51. gxh4 Ra7 52. Rxb4 Bg4 53. Rb7+ 1-0

[Event "72. C.to Provinciale VE"]
[Site "Venezia S.Leonardo ITA"]
[Date "2012.01.08"]
[Round "5.7"]
[White "Simongini, Giacomo"]
[Black "Perissotto, Mario"]
[Result "1-0"]
[WhiteElo "1745"]
[BlackElo "1747"]
[Annotator "Gabriele Ballarin"]
[PlyCount "59"]
[EventDate "2012.01.06"]
[EventType "swiss"]
[EventRounds "5"]
[EventCountry "ITA"]

1. e4 c5 2. b4 b6 3. Bc4 e6 4. b5 d5 5. exd5 exd5 6. Be2 Nf6 7. c4 d4 8. Bf3 Qe7+ 9. Qe2 Be6 10. d3 Nd5 11. cxd5 Nd7 12. dxe6 Rd8 13. exd7+ Kxd7 14. Qxe7+ Bxe7 15. Ne2 Bf6 16. Na3 g5 17. Nc4 h5 18. Bd2 Kc7 19. a4 Rde8 20. a5 bxa5 21. Bxa5+ Kb8 22. Bc7+ Kxc7 23. Rxa7+ Kb8 24. Rb7+ Kc8 25. Nd6+ Kd8 26. Nxf7+ Kc8 27. Nd6+ Kd8 28. Rb8+ Kd7 29. Nxe8 Rxe8 30. Bc6+ 1-0

[Event "72. C.to Provinciale VE"]
[Site "Venezia S.Leonardo ITA"]
[Date "2012.01.08"]
[Round "5.8"]
[White "Carini, Massimo"]
[Black "Pasqualetto, Lorenzo"]
[Result "0-1"]
[WhiteElo "2114"]
[BlackElo "1837"]
[Annotator "Gabriele Ballarin"]
[PlyCount "68"]
[EventDate "2012.01.06"]
[EventType "swiss"]
[EventRounds "5"]
[EventCountry "ITA"]

1. e4 c5 2. c3 Nf6 3. e5 Nd5 4. Nf3 Nc6 5. d4 cxd4 6. Bc4 Nb6 7. Bb3 e6 8. cxd4 d6 9. Qe2 dxe5 10. dxe5 Bb4+ 11. Nc3 Nd5 12. Bd2 Bxc3 13. bxc3 O-O 14. O-O b6 15. Bc2 Qc7 16. Rfe1 Nce7 17. Ng5 h6 18. Qe4 f5 19. exf6 Nxf6 20. Qxa8 Nc6 21. Nxe6 Bxe6 22. Qxf8+ Kxf8 23. Rxe6 Qd7 24. Re2 Na5 25. Rae1 Nc4 26. Bc1 Nd5 27. Bg6 Nf6 28. a4 a6 29. a5 bxa5 30. Re6 a4 31. Rxf6+ gxf6 32. Bxh6+ Kg8 33. Re8+ Qxe8 34. Bxe8 a3 0-1

[Event "72. C.to Provinciale VE"]
[Site "Venezia S.Leonardo ITA"]
[Date "2012.01.08"]
[Round "5.9"]
[White "Viotti, Alberto"]
[Black "Loris, Stefano"]
[Result "1/2-1/2"]
[WhiteElo "1591"]
[BlackElo "1674"]
[Annotator "Gabriele Ballarin"]
[PlyCount "58"]
[EventDate "2012.01.06"]
[EventType "swiss"]
[EventRounds "5"]
[EventCountry "ITA"]

1. d4 Nf6 2. Nf3 g6 3. c3 Bg7 4. Bg5 d5 5. e3 Bg4 6. Be2 Nbd7 7. Nbd2 c5 8. O-O Bxf3 9. Bxf3 cxd4 10. exd4 O-O 11. Re1 e6 12. Nb3 Rc8 13. Qd2 Nb6 14. Rab1 Nc4 15. Qf4 Nd6 16. Nd2 Nf5 17. g4 Nd6 18. h4 Nde8 19. h5 Qd6 20. Qxd6 Nxd6 21. Bf4 Nfe8 22. h6 Bf6 23. g5 Bd8 24. Bg4 Nf5 25. Bxf5 exf5 26. Nf3 Rc6 27. Re3 Re6 28. Rbe1 Bc7 29. Bxc7 Nxc7 1/2-1/2

[Event "72.Camp. 5  Interprov.PD-RO"]
[Site "Monselice ITA"]
[Date "2012.01.13"]
[Round "1.1"]
[White "Belloni, Umberto"]
[Black "Gastiaburo, Hernan"]
[Result "0-1"]
[WhiteElo "1805"]
[BlackElo "2235"]
[Annotator "Gabriele Ballarin"]
[PlyCount "118"]
[EventDate "2012.01.13"]
[EventType "swiss"]
[EventRounds "5"]
[EventCountry "ITA"]

1. d4 Nf6 2. c3 g6 3. Bg5 Bg7 4. Nd2 d6 5. Qc2 c5 6. dxc5 dxc5 7. e4 Nc6 8. Be2 O-O 9. Bf4 Nd7 10. Ngf3 e5 11. Be3 Qe7 12. Ng5 h6 13. Nh3 Nb6 14. Ng1 Be6 15. Nb3 c4 16. Nc5 Nd4 17. cxd4 exd4 18. Bxd4 Bxd4 19. Nxe6 fxe6 20. Nf3 Qb4+ 21. Kf1 Qxb2 22. Rc1 Rac8 23. Nxd4 Qxd4 24. Bf3 Qd3+ 25. Be2 Qxc2 26. Rxc2 Rfd8 27. f3 c3 28. Kf2 Rc5 29. Rhc1 Rdc8 30. Ke3 Na4 31. Rd1 R8c7 32. f4 b5 33. Rd4 Nb6 34. g4 Kf7 35. h4 Ke7 36. Bd3 a5 37. a3 e5 38. fxe5 Rxe5 39. Kf4 Rec5 40. Ke3 Nc4+ 41. Bxc4 Rxc4 42. Rd5 b4 43. axb4 axb4 44. Rb5 Rd7 45. Rb6 Rdd4 46. Rxg6 Rxe4+ 47. Kf3 Re6 48. Rg7+ Kd6 49. Rb7 Kc6 50. Rxb4 Rxb4 51. Rxc3+ Kd5 52. Ra3 Rf6+ 53. Kg3 Rfb6 54. Ra5+ Ke4 55. g5 h5 56. Ra8 Rb3+ 57. Kf2 Rb2+ 58. Ke1 Rh2 59. Re8+ Kf4 0-1

[Event "72.Camp. 5  Interprov.PD-RO"]
[Site "Monselice ITA"]
[Date "2012.01.13"]
[Round "1.2"]
[White "Carini, Massimo"]
[Black "Rondelli, Roberto"]
[Result "1/2-1/2"]
[WhiteElo "2114"]
[BlackElo "1747"]
[Annotator "Gabriele Ballarin"]
[PlyCount "62"]
[EventDate "2012.01.13"]
[EventType "swiss"]
[EventRounds "5"]
[EventCountry "ITA"]

1. e4 e6 2. d4 d5 3. e5 Ne7 4. Bd3 b6 5. c3 Qd7 6. Qe2 c5 7. Nf3 Nbc6 8. dxc5 bxc5 9. Na3 c4 10. Bc2 Ng6 11. O-O Bxa3 12. bxa3 Rb8 13. a4 Qe7 14. Bg5 Qa3 15. Qe3 Bd7 16. h4 h6 17. Bxg6 fxg6 18. Bf4 a5 19. Rfb1 O-O 20. Rb5 Rxb5 21. axb5 Ne7 22. Bxh6 Rxf3 23. gxf3 gxh6 24. Qa7 Qb2 25. Qxd7 Qxa1+ 26. Kg2 Kf7 27. b6 Qxc3 28. Qd8 Nc6 29. Qd7+ Ne7 30. Qd8 Nc6 31. Qd7+ Ne7 1/2-1/2

[Event "72.Camp. 5  Interprov.PD-RO"]
[Site "Monselice ITA"]
[Date "2012.01.13"]
[Round "1.3"]
[White "Fornaciari, Alberto"]
[Black "Borin, Fabio"]
[Result "0-1"]
[WhiteElo "1689"]
[BlackElo "2110"]
[Annotator "Gabriele Ballarin"]
[PlyCount "64"]
[EventDate "2012.01.13"]
[EventType "swiss"]
[EventRounds "5"]
[EventCountry "ITA"]

1. d4 d6 2. e4 Nf6 3. Nc3 e5 4. dxe5 dxe5 5. Qxd8+ Kxd8 6. Bg5 Be6 7. O-O-O+ Nbd7 8. Nf3 Bd6 9. Bxf6+ gxf6 10. Nd5 Rg8 11. g3 c6 12. Nxf6 Nxf6 13. Rxd6+ Kc7 14. Rd2 Nxe4 15. Re2 Bg4 16. Bg2 Ng5 17. Re3 Nxf3 18. Bxf3 f6 19. Bxg4 Rxg4 20. f3 Rd4 21. c3 Ra4 22. Kb1 Rd8 23. b3 Ra5 24. Rc1 Rd2 25. Rc2 Rxc2 26. Kxc2 Rxa2+ 27. Kd3 Rxh2 28. Ke4 Kd6 29. Kf5 Ke7 30. f4 Rf2 31. Kg4 Ke6 32. Re4 f5+ 0-1

[Event "72.Camp. 5  Interprov.PD-RO"]
[Site "Monselice ITA"]
[Date "2012.01.13"]
[Round "1.4"]
[White "Quaranta, Cristiano"]
[Black "Bruini, Andrea"]
[Result "1-0"]
[WhiteElo "2075"]
[BlackElo "1660"]
[Annotator "Gabriele Ballarin"]
[PlyCount "99"]
[EventDate "2012.01.13"]
[EventType "swiss"]
[EventRounds "5"]
[EventCountry "ITA"]

1. d4 f5 2. Nf3 Nf6 3. g3 e6 4. Bg2 d5 5. O-O c6 6. c4 Bd6 7. b3 O-O 8. Ba3 Bxa3 9. Nxa3 Qe7 10. Qc1 Ne4 11. Qb2 Nd7 12. b4 a6 13. c5 Ndf6 14. Ne5 Nd7 15. Nxd7 Bxd7 16. f3 Nf6 17. e4 fxe4 18. fxe4 Ng4 19. Qe2 Rxf1+ 20. Rxf1 Qg5 21. Bh3 h5 22. Bxg4 Qxg4 23. Qxg4 hxg4 24. Nc2 Rf8 25. Rxf8+ Kxf8 26. e5 Be8 27. Kf2 Bg6 28. Na1 Be8 29. Nb3 Bd7 30. Ke3 g5 31. Nc1 Be8 32. Nd3 Bg6 33. Nf2 Bf5 34. Nd1 Bg6 35. Kd2 Ke7 36. Ne3 Bf5 37. Kc3 Kd7 38. Kb3 Kc7 39. Ka3 b5 40. cxb6+ Kxb6 41. Ka4 Bb1 42. Kb3 Bf5 43. Ka4 Bb1 44. Nxg4 Bxa2 45. h4 gxh4 46. gxh4 Bb1 47. h5 Bc2+ 48. Ka3 Kb5 49. h6 Kc4 50. Ne3+ 1-0

[Event "72.Camp. 5  Interprov.PD-RO"]
[Site "Monselice ITA"]
[Date "2012.01.13"]
[Round "1.5"]
[White "Pilotto, Alessandro"]
[Black "Renier, Renzo"]
[Result "1/2-1/2"]
[WhiteElo "1646"]
[BlackElo "1997"]
[Annotator "Gabriele Ballarin"]
[PlyCount "161"]
[EventDate "2012.01.13"]
[EventType "swiss"]
[EventRounds "5"]
[EventCountry "ITA"]

1. d4 Nf6 2. h3 g6 3. Bf4 Bg7 4. e3 O-O 5. Be2 c5 6. c3 cxd4 7. cxd4 d6 8. Nf3 Nc6 9. O-O Bf5 10. Nc3 Rc8 11. a3 Na5 12. Nh4 Be6 13. d5 Bd7 14. Rc1 Nc4 15. Bxc4 Rxc4 16. Nf3 Qb6 17. Nd2 Rc7 18. Nb3 Rfc8 19. a4 Qb4 20. a5 Ne4 21. Nxe4 Qxe4 22. Rxc7 Rxc7 23. a6 bxa6 24. Qd2 Qa4 25. Nd4 Qc4 26. Qa5 Rc8 27. b3 Qc5 28. Qxa6 Bxd4 29. exd4 Qxd4 30. Qb7 Bf5 31. Be3 Qc3 32. Rc1 Qxc1+ 33. Bxc1 Rxc1+ 34. Kh2 Rb1 35. Qxe7 Rxb3 36. Qxa7 Rd3 37. Qa8+ Kg7 38. Qc6 Be4 39. Qxd6 Rxd5 40. Qf4 Bf5 41. Qf3 Be6 42. Qe3 h5 43. Qe4 Kh7 44. g4 hxg4 45. hxg4 Kh6 46. f3 Kh7 47. Kg3 Rd1 48. Qe3 Rf1 49. Qg5 Rb1 50. Qh4+ Kg7 51. g5 Rb3 52. Qd4+ Kg8 53. Qd8+ Kg7 54. Qf6+ Kg8 55. Kf4 Rb4+ 56. Ke3 Rb5 57. f4 Rb4 58. Qd8+ Kh7 59. Qf8 Rb5 60. Kd4 Rf5 61. Ke4 Rd5 62. Qh6+ Kg8 63. Qh1 Rf5 64. Qa1 Rd5 65. Qa8+ Kg7 66. Qb8 Rf5 67. Qd8 Ba2 68. Qd4+ Kh7 69. Qf2 Bd5+ 70. Kd4 Be6 71. Qh4+ Kg8 72. Ke3 Rb5 73. Qe1 Rf5 74. Qc3 Rd5 75. Qf6 Rf5 76. Qd8+ Kh7 77. Ke4 Rb5 78. Qf8 Rf5 79. Qd6 Rb5 80. Qd8 Rf5 81. Qf8 {=} 1/2-1/2

[Event "72.Camp. 5  Interprov.PD-RO"]
[Site "Monselice ITA"]
[Date "2012.01.13"]
[Round "1.6"]
[White "Zanirato, Stefano"]
[Black "Alessi, Giovanni"]
[Result "1-0"]
[WhiteElo "1906"]
[BlackElo "1616"]
[Annotator "Gabriele Ballarin"]
[PlyCount "81"]
[EventDate "2012.01.13"]
[EventType "swiss"]
[EventRounds "5"]
[EventCountry "ITA"]

1. e4 e6 2. d4 d5 3. Bd3 dxe4 4. Bxe4 Be7 5. Ne2 Nf6 6. Bd3 b6 7. c3 Bb7 8. f3 Nbd7 9. Qc2 Rc8 10. Nd2 c5 11. dxc5 Bxc5 12. Ne4 Be7 13. Nxf6+ Bxf6 14. Be3 Qc7 15. Be4 a5 16. Bxb7 Qxb7 17. Qa4 O-O 18. O-O e5 19. Ng3 Be7 20. Qg4 Nf6 21. Qf5 Bc5 22. Rfe1 Nd5 23. Bxc5 Rxc5 24. Ne4 Ne7 25. Nxc5 bxc5 26. Qxe5 Ng6 27. Qxc5 Qxb2 28. Qc4 Qb6+ 29. Kh1 h6 30. Rab1 Qd6 31. Qd4 Qa3 32. Qc4 Rd8 33. h4 Nf8 34. Rb7 Ne6 35. f4 Qf8 36. f5 Nc5 37. Rc7 Nd3 38. Ree7 Nf2+ 39. Kg1 Rd2 40. Rc8 Rd8 41. Rxd8 1-0

[Event "72.Camp. 5  Interprov.PD-RO"]
[Site "Monselice ITA"]
[Date "2012.01.13"]
[Round "1.7"]
[White "Lodi, Paolo"]
[Black "Binder, Andrea"]
[Result "0-1"]
[WhiteElo "1607"]
[BlackElo "1896"]
[Annotator "Gabriele Ballarin"]
[PlyCount "78"]
[EventDate "2012.01.13"]
[EventType "swiss"]
[EventRounds "5"]
[EventCountry "ITA"]

1. Nf3 d6 2. c4 g6 3. g3 Bg7 4. Bg2 Nf6 5. O-O O-O 6. d4 Nbd7 7. Nbd2 e5 8. dxe5 dxe5 9. e4 Qe7 10. b3 Nc5 11. Qc2 Rd8 12. Ne1 Ne6 13. Bb2 Nd4 14. Bxd4 Rxd4 15. Nef3 Rd8 16. Rad1 b6 17. Nb1 Bb7 18. Nc3 c6 19. Rxd8+ Rxd8 20. Rd1 Rxd1+ 21. Qxd1 Nd7 22. h4 Nc5 23. b4 Ne6 24. a3 Nd4 25. Ne2 c5 26. Nfxd4 exd4 27. bxc5 Qxc5 28. Qd3 Ba6 29. e5 Bxc4 30. Qxd4 Bxe2 31. Qd8+ Bf8 32. Bd5 Qe7 33. Qxe7 Bxe7 34. e6 fxe6 35. Bxe6+ Kg7 36. a4 b5 37. Bd7 b4 38. Be6 Bd1 39. a5 Bc2 0-1

[Event "72.Camp. 5  Interprov.PD-RO"]
[Site "Monselice ITA"]
[Date "2012.01.13"]
[Round "1.8"]
[White "Franco, Alessandro P"]
[Black "Mazzella, Riccardo"]
[Result "1-0"]
[WhiteElo "1889"]
[BlackElo "1576"]
[Annotator "Gabriele Ballarin"]
[PlyCount "45"]
[EventDate "2012.01.13"]
[EventType "swiss"]
[EventRounds "5"]
[EventCountry "ITA"]

1. e4 c5 2. Nf3 Nc6 3. d4 cxd4 4. Nxd4 e5 5. Nb5 a6 6. Nd6+ Bxd6 7. Qxd6 Qe7 8. Qc7 Qd8 9. Qxd8+ Nxd8 10. Nc3 Nc6 11. Be3 Nge7 12. O-O-O O-O 13. Bb6 f5 14. Bc4+ Kh8 15. f3 fxe4 16. fxe4 Ng6 17. Rhf1 Rxf1 18. Rxf1 h6 19. Nd5 d6 20. Nc7 Bg4 21. Nxa8 Nf4 22. Rf2 Nd4 23. Bxd4 1-0

[Event "72.Camp. 5  Interprov.PD-RO"]
[Site "Monselice ITA"]
[Date "2012.01.13"]
[Round "1.9"]
[White "Mastrostefano, Ennio"]
[Black "Calicchia, Giovanni"]
[Result "1-0"]
[WhiteElo "1590"]
[BlackElo "1885"]
[Annotator "Gabriele Ballarin"]
[PlyCount "115"]
[EventDate "2012.01.13"]
[EventType "swiss"]
[EventRounds "5"]
[EventCountry "ITA"]

1. e4 c5 2. c3 d5 3. exd5 Qxd5 4. d4 Nc6 5. Nf3 e6 6. a3 Nf6 7. Be2 Be7 8. O-O O-O 9. Bf4 b6 10. Ne5 Nxe5 11. Bxe5 Bb7 12. Bf3 Qd7 13. Bxb7 Qxb7 14. Nd2 cxd4 15. Bxd4 Rfd8 16. Qc2 Qc7 17. Nf3 Rac8 18. Rad1 Rd5 19. Rd2 Rh5 20. Bxf6 Bxf6 21. Rfd1 Rd8 22. g3 Rf5 23. Rxd8+ Bxd8 24. Nd4 Rd5 25. Rc1 Bf6 26. Qa4 Kf8 27. Qc6 Qxc6 28. Nxc6 Ke8 29. Nxa7 Kd7 30. a4 Ra5 31. Rd1+ Ke8 32. Nc8 Rxa4 33. Nxb6 Ra6 34. Nd7 Be7 35. Ne5 f6 36. Nc4 e5 37. f3 Kf7 38. Kf2 Ke6 39. Ne3 Bc5 40. Ke2 Ra2 41. Nc4 h5 42. h4 g5 43. Rd8 gxh4 44. gxh4 Ra4 45. b4 Ra2+ 46. Nd2 Bg1 47. Rh8 Bh2 48. Kd3 Ra7 49. Ne4 Rd7+ 50. Kc4 Rc7+ 51. Kb5 Bg1 52. Rh6 Rb7+ 53. Kc6 Rb6+ 54. Kc7 Kf5 55. Rxh5+ Kg6 56. Rh8 Ra6 57. Rg8+ Kf7 58. Rxg1 1-0

[Event "72.Camp. 5  Interprov.PD-RO"]
[Site "Monselice ITA"]
[Date "2012.01.13"]
[Round "1.10"]
[White "Schoonhoven, Edger"]
[Black "Lovisetto, Giampaolo"]
[Result "1-0"]
[WhiteElo "1880"]
[BlackElo "1567"]
[Annotator "Gabriele Ballarin"]
[PlyCount "67"]
[EventDate "2012.01.13"]
[EventType "swiss"]
[EventRounds "5"]
[EventCountry "ITA"]

1. Nf3 e6 2. c4 d5 3. g3 Nf6 4. Bg2 Be7 5. O-O O-O 6. d4 dxc4 7. Qc2 Nbd7 8. Qxc4 Nb6 9. Qc2 Nbd5 10. a3 Bd7 11. Rd1 Nb6 12. Ne5 Bc8 13. Nc3 Nfd5 14. e4 Nxc3 15. Qxc3 c6 16. Be3 Na4 17. Qc2 Nb6 18. a4 Qc7 19. a5 Nd7 20. Nd3 Rd8 21. b4 e5 22. d5 Qd6 23. dxc6 Qxc6 24. Qxc6 bxc6 25. Nc5 a6 26. Bf1 Nxc5 27. Rxd8+ Bxd8 28. Bxc5 Bg5 29. Bc4 Bg4 30. Kg2 Bd2 31. f3 Bd7 32. Rd1 Bxb4 33. Bxb4 Rd8 34. Kf2 1-0

[Event "72.Camp. 5  Interprov.PD-RO"]
[Site "Monselice ITA"]
[Date "2012.01.13"]
[Round "1.11"]
[White "Bau, Lorenzo"]
[Black "Quaranta, Gaetano"]
[Result "1-0"]
[WhiteElo "1440"]
[BlackElo "1825"]
[Annotator "Gabriele Ballarin"]
[PlyCount "77"]
[EventDate "2012.01.13"]
[EventType "swiss"]
[EventRounds "5"]
[EventCountry "ITA"]

1. e4 d5 2. exd5 Qxd5 3. Nc3 Qa5 4. Be2 Nf6 5. d3 Bf5 6. Bd2 c6 7. a3 e6 8. Ne4 Qd8 9. Nxf6+ Qxf6 10. Bc3 Qg6 11. g4 Bd6 12. Bf3 Bxg4 13. Bxg4 h5 14. Bf3 Bxh2 15. Ne2 Bc7 16. Rg1 Qf5 17. Ng3 Bxg3 18. Rxg3 e5 19. Qe2 Nd7 20. O-O-O g5 21. Be4 Qf6 22. Rf3 Qh6 23. Kb1 g4 24. Re3 Qe6 25. d4 f5 26. d5 Qg6 27. dxc6 bxc6 28. Bh1 Rh7 29. Red3 e4 30. Rd6 Qg5 31. Rxc6 h4 32. Rdd6 g3 33. Rg6 Qf4 34. Rg8+ Nf8 35. Qb5 Rd7 36. Qc5 Re7 37. Bf6 Rf7 38. Re6+ Kd7 39. Qc6# 1-0